000 00843nam a22001337a 4500
040 _cRUA
082 _aRUB SAM 2015 B643 Or.1
100 _aSAM SOVANNKIRY សំ​ សុវណ្ណគិរី
245 _avaluation on growth and yield of rubber clones gt1,pb217 and rriv4 at sopheak nika investment agro- industrial plants limited វាយតម្លៃលើការលូតលាស់ និងទិន្នផលក្លូនកៅស៊ូGT1,PB217 និង​ RRIV4 នៅក្រុមហ៊ុនចំការកៅស៊ូ សុភក្ដិ នីកា អ៊ិនវេសមេន អាហ្រ្គោអ៊ិនជាសស្រ្ទៀល ផ្លេន លីមីតធីត
260 _aphnom penh
_brua
_c2015
300 _avii;44p;
_bill;
_c29cm;
856 _uSAM SOVANNKIRY
942 _cRUB
999 _c18114
_d18114